000 02002nam a2200469 a 4500
003 BLK
005 20240321112434.0
008 180409b bul|||||r ||||||| ||bul||
010 _aKNG00140579000
040 _aBLK
041 _aBUL
_cBUL
072 7 _2bullib
_aЦ
_xРедки и ценни
080 _aОбща история на философията
_b101(091)
_x(410)(092)
_z101(091)(410)(092)
080 _aАнглийски философ и социолог
_b929 Спенсър, Хърбърт
_z929 Спенсър, Хърбърт
100 1 _aГауп, Ото
_951541
139 _aГауп, Ото
_bС 56
245 1 0 _aХерберт Спенсер
_bЖивота му и неговите произведения
_cОтто Гаупп; прев. Димитър Димитров
257 _aDEU
260 _aВарна
_bкниж. К. Евстатиев
_c1899
_fВарна : Зора
300 _aХVI, 169 с.
_bс портр.
_c20 см
380 _a1
490 1 _aОбразователна библиотека
_v№ 6
490 _aКолекция Редки и ценни издания
_9435080
600 1 4 _aСпенсър, Хърбърт
_9378670
650 4 _aФилософия, английска
_9255324
650 4 _aФилософи, английски - биографии
_9280820
650 4 _aСпенсър, Хърбърт
_9378670
651 4 _aВеликобритания
_9178698
653 _aанглийски философи
653 _aХърбърт Спенсър
653 _aбиографии
659 _aЦ
700 _aДимитров, Димитър Добрев
_d1961 -
_gПреводач от английски език.
_9322262
852 _aРб 899
_bРц
856 4 _qpdf
856 4 _qpdf
942 _cKNG
_n0
_s1
944 _aCR
_c12.03.2013
_lГеновева Генчева
_k30560
944 _aED
_c12.03.2013
_l12.03.2013 - от С1,Р / 12.03.2013
999 _c134664
_d134664
999 _d134664
999 _d134664